| 000 | 00000nas 2200000za 4500 |
| 001 | 9.859324 |
| 003 | CaOODSP |
| 005 | 20221107160228 |
| 007 | cr ||||||||||| |
| 008 | 180719d19902000oncar p o||||f0 |0fre|d |
| 040 | |aCaOODSP|bfre |
| 043 | |an-cn--- |
| 086 | 1 |aT1-11F-pdf |
| 110 | 2 |aCaisse d'indemnisation des dommages dus à la pollution par les hydrocarbures causée par les navires (Canada) |
| 245 | 10|aCaisse d'indemnisation des dommages dus à la pollution par les hydrocarbures causée par les navires, rapport annuel ... |h[ressource électronique]. |
| 246 | 10|aRapport annuel ... |
| 260 | |aOttawa : |bCaisse d'indemnisation des dommages dus à la pollution par les hydrocarbures causée par les navires, |c1990-2000. |
| 310 | |aAnnuel |
| 362 | 0 |aParaît depuis : 1989/1990 ; ne paraît plus après : 1999/2000. |
| 500 | |aPubl. aussi en anglais sous le titre : Ship-Source Oil Pollution Fund, annual report. |
| 515 | |aL'année d'activité se termine le 31 mars. |
| 530 | |aÉgalement publ. en version imprimée. |
| 692 | 07|2gccst|aIndemnité |
| 692 | 07|2gccst|aDéversement de pétrole |
| 692 | 07|2gccst|aPollution |
| 775 | 08|tShip-source Oil Pollution Fund annual report ... |w(CaOODSP)9.859323 |
| 780 | 00|tAnnual report - Maritime Pollution Claims Fund |w(CaOODSP)9.859328 |
| 785 | 00|tRapport annuel de l'Administrateur / |w(CaOODSP)9.502963 |